|
|
|
|
| LEADER |
00000nam2a2200000 4500 |
| 001 |
45919 |
| 005 |
20231101211002.0 |
| 035 |
|
|
|a (RuTPU)RU\TPU\book\47828
|
| 090 |
|
|
|a 45919
|
| 100 |
|
|
|a 20021218d1972 k y0rusy50 ca
|
| 101 |
1 |
|
|a rus
|c eng
|
| 102 |
|
|
|a RU
|
| 105 |
|
|
|a y z 001zy
|
| 200 |
0 |
|
|a Ч. 2 : Методы косвенного титрования. Кн. 1
|
| 210 |
|
|
|d 1972
|
| 215 |
|
|
|a 496 с.
|
| 320 |
|
|
|a Библиогр. в конце глав.
|
| 461 |
|
1 |
|0 (RuTPU)RU\TPU\book\47827
|t Титриметрические методы анализа органических соединений
|o Пер. с англ.
|f М. Р. Ф. Эшворт
|g Под ред. А. П. Крешкова
|v Ч. 2 : Методы косвенного титрования. Кн. 1
|d 1968-
|
| 606 |
1 |
|
|a Органические соединения
|x Титриметрический анализ
|2 stltpush
|3 (RuTPU)RU\TPU\subj\75736
|9 87381
|
| 610 |
1 |
|
|a аналитическая химия
|
| 610 |
1 |
|
|a химический анализ
|
| 610 |
1 |
|
|a титриметрические методы
|
| 610 |
1 |
|
|a косвенное титрование
|
| 610 |
1 |
|
|a реагенты
|
| 610 |
1 |
|
|a кислоты
|
| 610 |
1 |
|
|a спирты
|
| 610 |
1 |
|
|a химические элементы
|
| 610 |
1 |
|
|a щелочи
|
| 610 |
1 |
|
|a соединения
|
| 675 |
|
|
|a 547:543
|v 3
|
| 801 |
|
1 |
|a RU
|b 63413507
|c 20021218
|g PSBO
|
| 801 |
|
2 |
|a RU
|b 63413507
|c 20161114
|g PSBO
|
| 942 |
|
|
|c BK
|